LEADER 01174nam0-22003011i-450- 001 990002868900403321 035 $a000286890 035 $aFED01000286890 035 $a(Aleph)000286890FED01 035 $a000286890 100 $a20000920d1991----km-y0itay50------ba 101 0 $aITA 200 1 $aCriteri di scelta delle variabili nei modelli MDS: un'applicazione sulla popolazione studentesca di Pisa$fMaria Francesca Romano 210 $aPisa$cDipartimento di Statistica e Matematica applicata all'Economia dell'Università di Pisa$d1991 225 1 $aReport$fDipartimento di Statistica e Matematica applicata all'Economia / Università di Pisa$v46 610 0 $aAnalisi multivariata e multidimensionale dei dati 610 0 $aIndagini statistiche$auniversità 610 0 $aTrattazioni di statistica a carattere generale 610 0 $aReports 676 $a004.1 801 0$aIT$bUNINA$gRICA$2UNIMARC 901 $aBK 912 $a990002868900403321 952 $aXXX-F-79$b4419$fMAS 959 $aMAS 996 $aCriteri di scelta delle variabili nei modelli MDS: un'applicazione sulla popolazione studentesca di Pisa$9415936 997 $aUNINA DB $aING01 LEADER 01744oam 2200457M 450 001 9910715683003321 005 20191121065726.2 035 $a(CKB)5470000002513231 035 $a(OCoLC)1065780476 035 $a(OCoLC)995470000002513231 035 $a(EXLCZ)995470000002513231 100 $a20070221d1837 ua 0 101 0 $aeng 135 $aurcn||||||||| 181 $ctxt$2rdacontent 182 $cc$2rdamedia 183 $acr$2rdacarrier 200 10$aMemorial of a number of citizens of Claiborne Co., Mississippi, praying the incorporation of a national bank. September 22, 1837. Laid on the table, and ordered to be printed 210 1$a[Washington, D.C.] :$c[publisher not identified],$d1837. 215 $a1 online resource (5 pages) 225 1 $aSenate document / 25th Congress, 1st session. Senate ;$vno. 20 225 1 $a[United States congressional serial set ] ;$v[serial no. 309] 300 $aBatch processed record: Metadata reviewed, not verified. Some fields updated by batch processes. 300 $aFDLP item number not assigned. 606 $aCurrency exchanges (Domestic) 606 $aNational banks (United States) 606 $aSpecies 606 $aMoney 608 $aLegislative materials.$2lcgft 615 0$aCurrency exchanges (Domestic) 615 0$aNational banks (United States) 615 0$aSpecies. 615 0$aMoney. 801 0$bWYU 801 1$bWYU 801 2$bOCLCO 801 2$bOCLCQ 906 $aBOOK 912 $a9910715683003321 996 $aMemorial of a number of citizens of Claiborne Co., Mississippi, praying the incorporation of a national bank. September 22, 1837. Laid on the table, and ordered to be printed$93252028 997 $aUNINA